|
|
|
|
| LEADER |
007310000a22002050004500 |
| 020 |
|
|
|a 0-521-46615-6
|
| 082 |
|
|
|a 363.349 BAR
|
| 100 |
|
|
|a Barrow, C J
|9 136170
|
| 245 |
|
|
|a Land degradation: development and breakdown of terrestrial environments
|
| 260 |
|
|
|a New York, Cambridge University Press
|
| 260 |
|
|
|c 1994
|
| 650 |
|
|
|a Environmental aspects
|9 136171
|
| 650 |
|
|
|a Green house effect
|9 136172
|
| 650 |
|
|
|a Man influence nature
|9 136173
|
| 650 |
|
|
|a Pollution
|9 136174
|
| 650 |
|
|
|a Soil conservation
|9 136175
|
| 650 |
|
|
|a Soil degradation
|9 136176
|
| 942 |
|
|
|c BK
|
| 999 |
|
|
|c 177196
|d 177192
|
| 952 |
|
|
|0 0
|1 0
|4 0
|6 363_349000000000000_BAR
|7 0
|9 175624
|a SES
|b SES
|d 2019-05-16
|l 1
|o 363.349 BAR
|p SES00873
|r 2019-11-26
|s 2019-11-12
|w 2019-05-16
|y BK
|